| 000 | 01379cam a22002651ia4500 | ||
|---|---|---|---|
| 003 | SA-RiAUC | ||
| 005 | 20250521080554.0 | ||
| 008 | 250519s1988 le g 000 0bara c | ||
| 040 |
_aSA-JeALM _bara _cSA-RiAUC _erda |
||
| 082 | 0 | 4 |
_a922.6 _qSA-RiAUC |
| 090 |
_a922.6 _b ب ر ا |
||
| 100 | 1 |
_aبرادة، علي حرازم بن العربي، _dتوفي 1218 هجري _eمؤلف. |
|
| 245 | 1 | 0 |
_aجواهر المعاني وبلوغ الأماني في فيض سيدي أبي العباس التجاني / _cعلي حرازم بن العربي برادة المغربي الفاسي. وبهامشه رماح حزب الرحيم على نحو حزب الرجيم / عمر بن سعيد الفوتي الطوري الكدوي. |
| 264 | 1 |
_aبيروت : _bدار الجيل، _c[بين 1900 و1999] |
|
| 300 |
_a2 مجلد في 1 ؛ _c28 سم |
||
| 336 |
_aنص _btxt _2rdacontent _3كتاب |
||
| 337 |
_aبدون وسيط _bn _2rdamedia |
||
| 338 |
_aمجلد _bnc _2rdacarrier |
||
| 600 | 1 | 7 |
_aالتجاني، أحمد بن محمد بن المختار، _d1150-1230 هجري _2aucnm |
| 650 | 7 |
_aالمتصوفون _vتراجم _2aucsh |
|
| 700 | 1 | 2 |
_aالفوتي، عمر بن سعيد بن عثمان، _d1210-1283 هجري |
| 740 | 0 | 2 | _aرماح حزب الرحيم على نحور حزب الرجيم. |
| 942 |
_2ddc _cBOOK _n0 |
||
| 949 |
_aSA-JeALM _d250519 _uosman123 _n1 |
||
| 999 |
_c8192 _d8192 |
||